[Event "Trieste op 09th"]
[Site "Trieste"]
[Date "2007.09.07"]
[Round "8"]
[White "Tonel, Giulia"]
[Black "Riondino, Michele"]
[Result "0-1"]
[WhiteElo "1934"]
[BlackElo "1991"]
[PlyCount "86"]
[EventDate "2007.09.01"]
[EventType "swiss"]
[EventRounds "9"]
[EventCountry "ITA"]
[SourceTitle "CBM 120 Extra"]
[Source "ChessBase"]
[SourceDate "2007.11.01"]
[SourceVersion "1"]
[SourceVersionDate "2007.11.01"]
[SourceQuality "1"]

1. e4 e5 2. Nf3 Nc6 3. Bc4 Bc5 4. c3 Nf6 5. d3 d6 6. 0-0 0-0 7. Nbd2 a6 8. Bb3 Bg4 9. Re1 Be6 10. h3 Qd7 11. Nf1 Bxb3 12. axb3 h6 13. Ng3 Rad8 14. c4 Nd4 15. Nxd4 Bxd4 16. Qf3 Kh7 17. Nf5 Ng8 18. Qg3 f6 19. Kh1 c5 20. Rf1 g6 21. Nxd4 cxd4 22. f4 Ra8 23. b4 Kg7 24. Bd2 Rfb8 25. b3 Rf8 26. Rf2 Rf7 27. Kg1 Raf8 28. Raf1 Qe7 29. fxe5 fxe5 30. Rf3 Nf6 31. Qh4 g5 32. Bxg5 hxg5 33. Qxg5+ Kh8 34. Rg3 Nh7 35. Qxe7 Rxe7 36. Ra1 Rg7 37. Kh2 Ng5 38. Rg4 Ne6 39. Rxg7 Kxg7 40. Ra5 Nf4 41. c5 dxc5 42. bxc5 Nxd3 43. c6 bxc6 0-1

[Event "Rome Steinitz op 1st"]
[Site "Rome"]
[Date "2002.07.06"]
[Round "3"]
[White "Riondino, Michele"]
[Black "Quimi, Marco"]
[Result "0-1"]
[WhiteElo "1621"]
[BlackElo "2205"]
[PlyCount "78"]
[EventDate "2002.07.05"]
[EventType "swiss"]
[EventRounds "5"]
[EventCountry "ITA"]
[SourceTitle "EXT 2007"]
[Source "ChessBase"]
[SourceDate "2006.11.23"]
[SourceVersion "1"]
[SourceVersionDate "2006.11.23"]
[SourceQuality "1"]

1. e4 c5 2. Nc3 Nc6 3. g3 g6 4. Bg2 Bg7 5. d3 b6 6. f4 e6 7. Nf3 Nge7 8. 0-0 0-0 9. Be3 Nd4 10. Qd2 Bb7 11. Rae1 d5 12. exd5 Nxd5 13. Bf2 Nxc3 14. Nxd4 Bxg2 15. Kxg2 Nxa2 16. Ne2 Nb4 17. Rd1 Qd5+ 18. Kg1 Rfd8 19. Nc3 Qc6 20. Qe2 Rd7 21. Be3 Rad8 22. h4 h5 23. Bc1 Bd4+ 24. Kh2 Qb7 25. Rde1 Bg7 26. Rg1 Nc6 27. Ref1 Nd4 28. Qf2 Nf5 29. Ne2 c4 30. dxc4 Qe4 31. Qf3 Qxc4 32. g4 hxg4 33. Rxg4 Rd2 34. Bxd2 Rxd2 35. Rg2 Nxh4 36. Qa8+ Bf8 37. Rh1 Rxe2 38. Rxe2 Qxe2+ 39. Kg3 Nf5+ 0-1

[Event "Rome Steinitz op 1st"]
[Site "Rome"]
[Date "2002.07.05"]
[Round "1"]
[White "Riondino, Michele"]
[Black "Voiska, Margarita"]
[Result "0-1"]
[WhiteElo "1621"]
[BlackElo "2356"]
[PlyCount "96"]
[EventDate "2002.07.05"]
[EventType "swiss"]
[EventRounds "5"]
[EventCountry "ITA"]
[SourceTitle "EXT 2007"]
[Source "ChessBase"]
[SourceDate "2006.11.23"]
[SourceVersion "1"]
[SourceVersionDate "2006.11.23"]
[SourceQuality "1"]

1. e4 d5 2. exd5 Nf6 3. d4 Bg4 4. Be2 Bxe2 5. Qxe2 Qxd5 6. Nf3 Nc6 7. c3 0-0-0 8. 0-0 h6 9. Nbd2 g5 10. Qc4 g4 11. Qxd5 Nxd5 12. Nh4 Nf4 13. Nc4 Ne2+ 14. Kh1 Nxc1 15. Raxc1 e6 16. g3 Be7 17. Ng2 h5 18. Rfe1 h4 19. Ne5 Nxe5 20. Rxe5 Rh6 21. Nxh4 Bxh4 22. gxh4 Rxh4 23. Kg2 Rdh8 24. Rh1 Kd7 25. Kg3 Rh3+ 26. Kg2 f6 27. Re3 f5 28. Rg3 Ke7 29. Rxh3 Rxh3 30. Re1 Rd3 31. Re2 b5 32. Rc2 Kd6 33. b3 a5 34. a4 c6 35. axb5 cxb5 36. c4 Rxb3 37. c5+ Kc6 38. Re2 Kd7 39. c6+ Kxc6 40. Rxe6+ Kd7 41. Re5 a4 42. Rxf5 a3 43. Rf7+ Ke6 44. Ra7 b4 45. Ra5 Rb2 46. Kg3 a2 47. d5+ Kd6 48. f4 gxf3 0-1